00251nam a2200073Ia 4500008004100000100002200041245007900063260003500142201210s9999 xx 000 0 und d aWagner, Harvey M. 0aPrinciple of Operations Research with applications to managerial decisions aNew DelhibPrenrice Hallc1982